000 01552cam a2200361 i 4500
001 44360
003 BD-RjUL
005 20211209053837.0
008 130507r20142013ii ab g b 001 0 eng d
020 _a9780198081746
_c: IRs. 1095.00
020 _a019808174X
_c: IRs. 1095.00
035 _a(BD-RjUL)44478
040 _aDKAGE
_beng
_cDKAGE
_dBTCTA
_dYDXCP
_dHEBIS
_dDLC
_erda
_dDLC
041 _aeng
082 0 4 _a327.54
_223
_bIND 2014
245 0 0 _aIndia's foreign policy :
_ba reader /
_cedited by Kanti P. Bajpai and Harsh V. Pant
250 _a1st ed.
260 _aNew Delhi :
_bOxford University Press,
_c2013 [Impression 2014]
300 _ax, 452 p. :
_bill. ;
_c23 cm.
490 1 _aCritical issues in Indian politics
500 _aContributed articles; most previously published.
504 _aIncludes bibliographical references and index.
505 0 _aIdeas -- Power and capacity -- Bilateral and regional relations -- Global diplomacy.
651 0 _aIndia
_xForeign relations
_y1984-
_9136148
700 1 _aBajpai, Kanti P., ed.
_d1955-
_9136149
700 1 _aPant, Harsh V. , jt. ed.
_9136150
830 0 _aCritical issues in Indian politics.
_9136152
856 4 2 _3Publisher description
_uhttp://www.loc.gov/catdir/enhancements/fy1410/2013332787-d.html
856 4 2 _3Contributor biographical information
_uhttp://www.loc.gov/catdir/enhancements/fy1410/2013332787-b.html
856 4 1 _3Table of contents only
_uhttp://www.loc.gov/catdir/enhancements/fy1410/2013332787-t.html
942 _2ddc
_cBK
999 _c44360
_d44360